000
00245nam a2200097Ia 4500
008
230915s9999 xx 000 0 und d
050
_a
HD30.28.D38.C.1
100
_a
FRED R.DAVID
245
0
_a
STRATEGIC MANAGEMENT: CONCEPTS AND CASES
942
_c
BK
999
_c
78221
_d
78221